000 00443pab a2200157 454500
008 180718b2004 xxu||||| |||| 00| 0 eng d
100 _aRattan, Neelam
245 _aWomen's role, status and empowerment: a study of female students' perception
260 _c2004
300 _ap.64-93.
650 _aWomens status
700 _aBhandari, Anuradha
700 _aUpmanyu, V.V.
773 _aResearch Journal Social Sciences
909 _a68122
999 _c68122
_d68122